Účtovnícke minimum
Súbor otázok a odpovedí z problematiky účtovníctva. Výklad jednotlivých pojmov z evidencie účtovníctva.
Saved in:
| Main Author: | |
|---|---|
| Format: | Book Chapter |
| Language: | Slovak |
| Subjects: | |
| Tags: |
No Tags, Be the first to tag this record!
|
MARC
| LEADER | 00000naa a2200000 4500 | ||
|---|---|---|---|
| 001 | r035241 | ||
| 005 | 20230919090115.9 | ||
| 041 | 0 | |a slo | |
| 044 | |a SK | ||
| 245 | 1 | 0 | |a Účtovnícke minimum |c Miriam Majorová |
| 520 | |a Súbor otázok a odpovedí z problematiky účtovníctva. Výklad jednotlivých pojmov z evidencie účtovníctva. | ||
| 610 | 2 | 0 | |a účtovníctvo |
| 610 | 2 | 0 | |a pojmy |
| 610 | 2 | 0 | |a terminológia |
| 610 | 2 | 0 | |a triedy účtové |
| 610 | 2 | 0 | |a evidencia účtovná |
| 100 | 1 | |a Majorová, Miriam | |